000 00481nmm a2200157Ia 4500
008 251105s9999||||xx |||||||||||||||||und||
020 _a9788496813069
041 _aspa
100 _aCardelús, Borja
245 0 _aMomentos estelares de las Américas
264 _a[Madrid, España] :
_bEdiciones Polifemo,
_c2007
300 _a494 páginas
650 _aHistory of the Americas: Pre-Columbian America
856 _uhttps://public.digitaliapublishing.com/a/18931
942 _cCF
999 _c90076
_d90076